| 000 | 00326nam a2200109Ia 4500 | ||
|---|---|---|---|
| 008 | 231129s9999||||xx |||||||||||||| ||spa|| | ||
| 082 | _aER- 478 | ||
| 100 | _aCorporación Biblioteca Pública | ||
| 245 | 0 | _aPereira Cultural Nº 3 | |
| 264 | _aPereira: Fondo Editorial de la Gobernación de Risaralda 1983 | ||
| 942 |
_2ddc _cBKS |
||
| 999 |
_c22653 _d22653 |
||